000 00530nam a22001817a 4500
005 20251108175234.0
008 250721s2014 xx 000 0 ara d
082 1 4 _a266/ريف
100 1 _aريفا، عبد الجليل
245 1 0 _aالتنصير في بلاد المسلمين /
264 1 _aعمان :
_bدار الجنان للنشر و التوزيع،
_c2014.
300 _a552 ص.
650 1 7 _aالمسيحية
653 _aالتنصير
653 _aالتبشير
942 _2ddc
_cBK
999 _c129446
_d129446